000 00301nam a22001337a 4500
008 170914b xxu||||| |||| 00| 0 eng d
020 _a9781893302143
041 _aeng
080 _a7
100 _a44
101 _aART
245 _aGIZA GENESIS THE BEST SECRETS
_cJONES.H.M
942 _2udc
_cBK
999 _c27747
_d27747